Analýza rozvoje sektoru služeb v transformačním období
Salvato in:
| Autore principale: | |
|---|---|
| Natura: | Libro |
| Lingua: | ceco |
| Pubblicazione: |
Praha
Ústřední ústav národohospodářského výzkumu
1991
|
| Edizione: | 1. vyd. |
| Serie: | Studijně rozborové a informační materiály
|
| Soggetti: | |
| Tags: |
Nessun Tag, puoi essere il primo ad aggiungerne!!
|
MARC
| LEADER | 00000nam a2200000 4500 | ||
|---|---|---|---|
| 001 | c005490 | ||
| 005 | 20221214093123.7 | ||
| 041 | 0 | |a cze | |
| 044 | |a CZ | ||
| 245 | 1 | 0 | |a Analýza rozvoje sektoru služeb v transformačním období |c Radoslava Kodymová |
| 250 | |a 1. vyd. | ||
| 264 | 1 | |a Praha |b Ústřední ústav národohospodářského výzkumu |c 1991 | |
| 300 | |a 70 s. | ||
| 490 | 1 | |a Studijně rozborové a informační materiály | |
| 830 | 0 | |a Studijně rozborové a informační materiály | |
| 610 | 2 | 0 | |a služby obyvateľstvu |
| 610 | 2 | 0 | |a príjmy obyvateľstva |
| 610 | 2 | 0 | |a výdavky |
| 610 | 2 | 0 | |a náklady životné |
| 610 | 2 | 0 | |a transformácia |
| 100 | 1 | |a Kodymová, Radoslava | |